• 首页
  • 本馆介绍
  • 公告通知
  • 最新文献
  • 馆藏检索
  • 电子资源
  • 读者导购
  • 参考咨询
  • 我的图书馆
  • 登录
  • 详细信息显示
  • 放入我的书架
  • 预约/预借图书
  • 作者相关作品
  • 分类相关作品
  • 丛书相关作品
  • 出版社相关作品

书目信息

  • 表格格式
  • 工作单格式
  • 卡片格式
题名:
财阀与帝国主义
    
 
作者: 坂本雅子 著 ;徐曼 译
分册:  
出版信息: 北京   社会科学文献出版社  2011.06
页数: 391页
开本: 23cm
丛书名: 中日历史问题译丛
单 册:
中图分类: F279.313.48
科图分类:
主题词: 侵华战争 , 经济扩张
电子资源:
ISBN: 978-7-5097-2281-7
000 01299oam2 2200337 450
001 010050014872
005 20120619083732.42
010    @a978-7-5097-2281-7@dCNY58.00
100    @a20110715d2011 em y0chiy50 ea
101 1  @achi@cjpn
102    @aCN@b110000
105    @ay z 000yy
106    @ar
200 1  @a财阀与帝国主义@9cai fa yu di guo zhu yi@e三井物产与中国@dZaibatsu konzern and Japanese imperialism@emitsui & CO., LTD. and China@f(日)坂本雅子著@g徐曼译@zeng
210    @a北京@c社会科学文献出版社@d2011.06
215    @a391页@d23cm
225 2  @a中日历史问题译丛
305    @a本书根据Minerva书房2003年版译出
330    @a本书以日本帝国主义对外扩张的中枢——三井物产在战前和战争中的商品输出与资本输出实态为分析对象,力证大财阀企业是引发侵略和战争的根本性力量之一。
461  0 @12001 @a中日历史问题译丛
510 1  @aZaibatsu konzern and Japanese imperialism@emitsui & CO., LTD. and China@zeng
517 1  @a三井物产与中国@9san jing wu chan yu zhong guo
601 02 @a三井财团@x侵华战争@x经济扩张@x研究
601 02 @a三井财团
606 0  @a侵华战争
606 0  @a经济扩张
690    @aF279.313.48@v4
701  0 @c(日)@a坂本雅子@9ban ben ya zi@f(1945-)@4著
702  0 @a徐曼@9xu man@4译
801  0 @aCN@bRENTIAN@c20110715
905    @b540204-08@dF279.313.48@e932@f5
    
    财阀与帝国主义:三井物产与中国=Zaibatsu konzern and Japanese imperialism:mitsui & CO., LTD. and China/(日)坂本雅子著/徐曼译.-北京:社会科学文献出版社,2011.06
    391页;23cm.-(中日历史问题译丛)
    
    
    ISBN 978-7-5097-2281-7:CNY58.00
    本书以日本帝国主义对外扩张的中枢——三井物产在战前和战争中的商品输出与资本输出实态为分析对象,力证大财阀企业是引发侵略和战争的根本性力量之一。
●
相关链接 在E读中查询图书 在五车中查询图书 在当当中查询图书 在豆瓣中查询图书


正题名:财阀与帝国主义     索取号:F279.313.48/932         预约/预借

序号 登录号 条形码 馆藏地/架位号 状态 备注
1 540204   205402045   第一样本阅览室/ [索取号:F279.313.48/932] 在馆    
2 540205   205402054   第一借阅区/ [索取号:F279.313.48/932] 在馆    
3 540206   205402063   第一借阅区/ [索取号:F279.313.48/932] 在馆    
4 540207   205402072   第一借阅区/ [索取号:F279.313.48/932] 在馆    
5 540208   205402081   第一借阅区/ [索取号:F279.313.48/932] 在馆    
欢迎您!
大连网信软件有限公司© 版权所有